BUBT Library Online Catalog

বাংলাদেশ অর্থনৈতিক সমীক্ষা ২০১৩ (Record no. 4848)

000 -LEADER
fixed length control field 00847nam a2200145Ia 4500
008 - FIXED-LENGTH DATA ELEMENTS--GENERAL INFORMATION
fixed length control field 151213s9999 xx 000 0 und d
100 ## - MAIN ENTRY--PERSONAL NAME
Personal name অর্থনৈতিক উপদেষ্টা অনুবিভাগ, অর্থবিভাগ
245 ## - TITLE STATEMENT
Title বাংলাদেশ অর্থনৈতিক সমীক্ষা ২০১৩
Statement of responsibility, etc. অর্থনৈতিক উপদেষ্টা অনুবিভাগ, অর্থবিভাগ
260 ## - PUBLICATION, DISTRIBUTION, ETC. (IMPRINT)
Place of publication, distribution, etc. Dhaka
Name of publisher, distributor, etc. অর্থনৈতিক উপদেষ্টা অনুবিভাগ, অর্থবিভাগ, অর্থ মন্ত্রণালয়
Date of publication, distribution, etc. 2010
300 ## - PHYSICAL DESCRIPTION
Extent 10427 p.
650 ## - SUBJECT ADDED ENTRY--TOPICAL TERM
Topical term or geographic name as entry element Economics
650 ## - SUBJECT ADDED ENTRY--TOPICAL TERM
Topical term or geographic name as entry element Economics
700 ## - ADDED ENTRY--PERSONAL NAME
Personal name অর্থনৈতিক উপদেষ্টা অনুবিভাগ, অর্থবিভাগ

No items available.

More Information About Library

Library Hours

  • Open: 9.00 am. to 9.00 pm.
  • Only Sunday: 9.00 am. to 6.00 pm.
  • Closed: Holiday

Contact to the University

Bangladesh University of Business and Technology Library

  • Mirpurl-2, 1216.
  • Phone:
  • Fax:
  • E-Mail: admin.library@bubt.edu.bd

Contact to the Library

Contact Person:

Md. Abdul Hakim Shah
Joint Librarian
PABX No:  113
Cell No: 01816332931
E-mail: official: admin.library@bubt.edu.bd
Personal: hakim.shah@bubt.edu.bd


BUBT Library

Copyright © 2021